Allgemeine Literaturwissenschaft - Grundfragen einer besonderen Disziplin

Bibliographic Details
Other Authors: Zymner, Rüdiger (Compiler)
Format: Book
Language:German
PhysicalDescription:216 s. 21 cm
Published: Berlin Erich Schmidt c2001
ISBN:3503049940
ISSN:1438-5104
Edition:2. durchges. Aufl.
Series:Allgemeine Literaturwissenschaft - Wuppertaler Schriften
Subjects:

MARC

LEADER 00000nam a2200000 a 4500
001 vtls001441928
003 SK-MaSNL
005 20260302035737.0
008 251113s2001 DE r 0 ger
020 |a 3503049940  |c [1047,00] 
035 |a SNK000397132 
040 |a SNK  |b slo  |c SNK  |e AACR2 
043 |a e-gx--- 
044 |a DE 
072 7 |a 82.0  |x Literatúra (teória)  |2 konspekt 
080 |a 82.0  |2 1981 
080 |a (430)  |2 1981 
080 |a (048.8)  |2 1981 
245 1 |a Allgemeine Literaturwissenschaft - Grundfragen einer besonderen Disziplin  |c herausgegeben von Rüdiger Zymner 
250 |a 2. durchges. Aufl. 
260 |a Berlin  |b Erich Schmidt  |c c2001 
300 |a 216 s.  |c 21 cm 
490 1 |a Allgemeine Literaturwissenschaft - Wuppertaler Schriften  |x 1438-5104  |v Bd. 1 
650 0 7 |a literárna veda  |2 SNK  |9 1137 
655 7 |a príručky  |2 SNK  |9 74364 
655 7 |a štúdie  |2 SNK  |9 57033 
700 1 |a Zymner, Rüdiger  |4 zos  |9 689118 
830 0 |a Allgemeine Literaturwissenschaft - Wuppertaler Schriften  |9 689119 
919 |a 3-503-04994-0 
999 |c 1071921  |d 1073851 
952 |t P60, <04>, [BOOK], {604}  |a SNK  |b SNK  |y VYP  |7 0  |p 17A0359445  |o snkIC 130304  |i snkV 1295/2002  |0 0  |1 0  |4 0  |d 2002-10-21  |l 0  |r 2005-01-02 00:00:00  |w 2026-02-24